| 000 | 00597cam a2200217 i 4500 | ||
|---|---|---|---|
| 999 |
_c5050 _d5050 |
||
| 001 | 1945238 | ||
| 003 | OSt | ||
| 005 | 20181219175341.0 | ||
| 008 | 751112s1975 pau 000 0 eng | ||
| 010 | _a75010513 | ||
| 020 | _a0800782143 : | ||
| 040 |
_aDLC _cDLC _dONU |
||
| 049 | _aONUU | ||
| 082 |
_a233 _bH145W |
||
| 100 | 1 |
_aHagin, Kenneth E., _d1917- |
|
| 245 | 1 | 4 |
_aThe woman question / _cKenneth E. Hagin |
| 260 |
_aGreensburg, Pa. : _bManna Christian Outreach, _cc1975 |
||
| 300 |
_a93 p. ; _c18 cm |
||
| 650 | 0 |
_aWomen _xReligious aspects _xChristianity _xBiblical teaching |
|
| 942 |
_2ddc _cBK |
||